Sin, Cos and Tan. different values - Statistics

General Stats
  • This quiz has been taken 6 times
  • The average score is 15 of 26
Answer Stats
Hint Answer % Correct
sin(90) 1
100%
sin(0) 0
75%
cos(90) 0
75%
tan(0) 0
75%
cos(0) 1
75%
cos(180) -1
75%
cos(120) -1\2
75%
sin(180) 0
50%
tan(180) 0
50%
tan(45) 1
50%
tan(135) -1
50%
sin(30) 1\2
50%
sin(150) 1\2
50%
cos(60) 1\2
50%
sin(45) 1\sqr2/sqr2\2
50%
sin(135) 1\sqr2/sqr2\2
50%
cos(45) 1\sqr2/sqr2\2
50%
cos(135) -1\sqr2/-sqr2\2
50%
tan(30) 1\sqr3/sqr3\3
50%
tan(150) -1\sqr3/-sqr3\3
50%
tan(60) sqr3
50%
tan(120) -sqr3
50%
sin(60) sqr3\2
50%
sin(120) sqr3\2
50%
cos(30) sqr3\2
50%
cos(150) -sqr3\2
50%
No matching quizzes found
Score Distribution
Percent of People with Each Score
Percentile by Number Answered
Your Score History
You have not taken this quiz